000 00503nam a2200205 a 4500
001 0085
005 20140414131938.0
008 040728s19uu xx 00 eng d
020 _a
050 _aM 808.7
_bK79 2003
100 _aKowitt, Holly
245 _aBelly laughs from Bikini Bottom.
260 _aNew York :
_bScholastic ,
_c2003.
300 _a1 v. : ill. ; cm.
650 _aJokes
_x
650 _a
_x
650 _aRiddles, Juvenile.
650 _aWit and humor.
999 _c112502
_d112502